| 000 | 00622nam a22002057a 4500 | ||
|---|---|---|---|
| 005 | 20251108172655.0 | ||
| 008 | 250721s2002 xx 000 0 ara d | ||
| 020 | _a9957112023 | ||
| 082 | 1 | 4 | _a658.81/صير |
| 100 | 1 | _aالصيرفي، محمد | |
| 245 | 1 | 0 |
_aالبيع الشخصي : _bدراسة للمهارات الواجب توافرها في رجل البيع / |
| 264 | 1 |
_aعمان : _bدار وائل، _c2002. |
|
| 300 | _a311ص. | ||
| 650 | 1 | 7 | _aالتسويق |
| 650 | 1 | 7 | _aالباعة |
| 650 | 1 | 7 | _aالمهارات |
| 650 | 1 | 7 | _aتنمية المهارات |
| 942 |
_2ddc _cBK |
||
| 999 |
_c85603 _d85603 |
||